000 00831nam a2200265 a 4500
001 36652
003 BD-RjUL
005 20211209052520.0
008 140805s2000 enka b 001 0 eng
020 _a0521570484 (hardback)
020 _a0521578906 (paperback)
035 _a( BD-RjUL) 36753
040 _aDLC
_cDLC
_dDLC
_d BD-RjUL
082 0 0 _a595.7
_221
_bCHI 2000
100 1 _aChapman, R. F.
_q(Reginald Frederick)
_9111744
245 1 4 _aThe insects :
_bstructure and function /
_cR.F. Chapman.
250 _a4th ed.
260 _aCambridge, UK ;
_aNew York, NY :
_bCambridge University Press,
_c2000.
300 _axvii, 770 p. :
_bill. ;
_c26 cm.
504 _aIncludes bibliographical references and indexes.
650 0 _aInsects.
_9111745
942 _2ddc
_cBK
999 _c36652
_d36652